000 005560000a22001810004500
003 MACL
005 20160306124951.0
008 160306b xxu||||| |||| 00| 0 eng d
040 _aMACL
_cMACL
041 _aHindi
082 _a891.433
100 _aअमृतलाल नागर
_919995
245 _aपॉचवा दस्‍ता और सात कहानियॉ
260 _bलोकभारती प्रकाशन
_c1970
_aइलाहाबाद
350 _a6
650 _aStories
_943463
942 _cHIN
_k891.433
_2ddc
999 _c26161
_d26161